When deportation fails : non-removable migrants in the European Union /

Statistics show that deportation rates in the European Union remain strikingly low and are decreasing. However, successfully resisting deportation does not guarantee a residence permit, often leaving migrants in legal limbo-unable to return home yet unable to gain legal residence. The existence of n...

Full description

Bibliographic Details
Main Author: Martín, Diego Ginés (Author)
Format: eBook
Language:English
Published: Oxford ; New York, NY : Oxford University Press, [2025]
Series:Oxford studies in European law.
Subjects:
Online Access:Connect to the full text of this electronic book

MARC

Tag First Indicator Second Indicator Subfields
LEADER 00000cam a22000007i 4500
001 in00005728613
005 20260319210333.8
006 m o d
007 cr cnu---unuuu
008 250711s2025 enka fob 001 0 eng d
040 |a STBDS  |b eng  |e rda  |e pn  |c STBDS  |d OCLCO  |d UKMGB  |d YDX  |d OCLCO  |d N$T  |d UKAHL  |d QGK 
015 |a GBC582722  |2 bnb 
016 7 |a 300590959  |2 Uk 
020 |a 9780198941231  |q electronic book 
020 |a 0198941234  |q electronic book 
020 |a 9780198939726  |q (electronic bk.) 
020 |a 0198939728  |q (electronic bk.) 
020 |z 9780198938972  |q hardcover 
024 7 |a 10.1093/9780198939726.001.0001  |2 doi 
024 8 |a CIPO000260827 
035 |a (OCoLC)1527671157 
043 |a e------ 
050 4 |a KJE6044.E85  |b M37 2025 
082 0 4 |a 342.24082  |2 23 
049 |a TXAM 
100 1 |a Martín, Diego Ginés,  |e author. 
245 1 0 |a When deportation fails :  |b non-removable migrants in the European Union /  |c Diego Ginés Martín. 
246 3 0 |a Non-removable migrants in the European Union 
264 1 |a Oxford ;  |a New York, NY :  |b Oxford University Press,  |c [2025] 
300 |a 1 online resource :  |b color illustrations. 
336 |a text  |b txt  |2 rdacontent 
337 |a computer  |b c  |2 rdamedia 
338 |a online resource  |b cr  |2 rdacarrier 
490 1 |a Oxford studies in European law 
504 |a Includes bibliographical references and index. 
520 |a Statistics show that deportation rates in the European Union remain strikingly low and are decreasing. However, successfully resisting deportation does not guarantee a residence permit, often leaving migrants in legal limbo-unable to return home yet unable to gain legal residence. The existence of non-removable migrants challenges long-established migration categories and highlights the ambiguities of a framework that fails to meet its deportation aims while clinging to migration control impulses. 'When Deportation Fails' examines this legal category on the margins of the law, exploring its normative and empirical foundations. It analyses the processes and legal frameworks that create non-removability in the EU, explaining why, despite the normalization, legalization, and legitimization of deportation, EU Member States struggle to deport as much as they aim to. 
521 |a Specialized. 
532 1 |3 Oxford  |a "Oxford University Press strives to make its websites accessible to the widest possible audience. We try to adopt current best practices and comply to a level AA of the Web Content Accessibility Guidelines 2.0 (WCAG) and to Section 508 of the US Rehabilitation Act." Source: https://global.oup.com/academic/accessibility/?cc=us&lang=en&. Last accessed April 22, 2025. 
588 |a Description based on online resource; title from digital title page (viewed on September 04, 2025). 
650 0 |a Emigration and immigration law  |z European Union countries. 
650 0 |a Deportation  |z European Union countries. 
651 0 |a European Union countries  |x Emigration and immigration. 
650 0 |a Refoulement  |z European Union countries. 
651 6 |a Pays de l'Union européenne  |x Émigration et immigration. 
650 7 |a Deportation  |2 fast 
650 7 |a Emigration and immigration law  |2 fast 
650 7 |a Refoulement  |2 fast 
651 7 |a European Union countries  |2 fast 
650 7 |a Laws of specific jurisdictions & specific areas of law.  |2 thema 
650 7 |a Law.  |2 ukslc 
655 7 |a Electronic books.  |2 local 
776 0 8 |i Print version:  |z 9780198938972 
830 0 |a Oxford studies in European law. 
856 4 0 |u http://proxy.library.tamu.edu/login?url=https://academic.oup.com/book/60776  |z Connect to the full text of this electronic book  |t 0 
955 |a Oxford Scholarship Online 
994 |a 92  |b TXA 
999 f f |i f4fc37f2-731a-4e31-9651-87ab6ef073a0  |s 6403863d-dabf-45b4-bb6d-677fe4c8164a  |t 0 
952 f f |a Texas A&M University  |b College Station  |c Electronic Resources  |s www_evans  |d Available Online  |t 0  |e KJE6044.E85 M37 2025  |h Library of Congress classification 
998 f f |a KJE6044.E85 M37 2025  |t 0  |l Available Online